000 00721cab a2200241 4500
001 ABS42540
008 090401t1990 xxu||||| |||| 00| 0 eng d
035 _a(Sirsi) u37509
041 _aeng
100 _aRoss, M.
245 _aCutting through the lega-lease
260 _c1990
350 _a0
490 _aValuer (ISVA)
_v59(3) April 1990, 12(1)
520 _aArgues for streamlining the process of letting business premises and to use plain English to make leases more easily understood.
650 _aDRAFTING
650 _aROSSCASTLE LETTING CONDITIONS
650 _aSTANDARD LEASES
690 _aLANDLORD AND TENANT-BUSINESS TENANCIES
700 _aCastle, R.
942 _n0
948 _c04/03/1997
999 _c24228
_d24228